Arte desde 1900: modernidad, antimodernidad, posmodernidad

Guardat en:
Dades bibliogràfiques
Autors principals: Foster, Hal (Autor), Bois, Yve-Alain (Autor), Buchloh, Benjamin H. D (Autor)
Altres autors: Krauss, Rosalind E (autora)
Format: Llibre
Idioma:espanyol
Publicat: Madrid Akal 2006
Matèries:
Etiquetes: Afegir etiqueta
Sense etiquetes, Sigues el primer a etiquetar aquest registre!

MARC

LEADER 00000cam a2200000 a 4500
001 UCH1581
003 CL-VaPUC
008 090430e20060000SP |||||||||||||||||spa|d
020 |a 9788446024002 
082 0 4 |a 709.04  |b FOS  |2 21 
100 0 |a Foster, Hal  |e author  |9 536068 
700 |a Krauss, Rosalind E  |e autora  |9 579175 
700 0 |a Bois, Yve-Alain  |e author  |9 536070 
700 0 |a Buchloh, Benjamin H. D  |e author  |9 536071 
245 1 0 |a Arte desde 1900: modernidad, antimodernidad, posmodernidad 
300 |a 704 p 
942 |c BK 
945 |d 20090430 00:00:00  |a rbrito 
260 |a Madrid  |b Akal  |c 2006 
650 0 |a Arte   |y Siglo 20  |9 267709 
650 0 |a Historia del arte  |9 314877 
650 0 |a Crítica de arte  |9 334590 
583 |a last modification  |c 20141120 01:35:58  |k Rodrigo Vera 
999 |c 333556  |d 333554 
952 |0 0  |1 0  |4 0  |6 709_040000000000000_FOS_2006  |7 0  |8 R  |9 422048  |a BIBART  |b BIBART  |d 2019-11-22  |i 4545737  |l 16  |m 3  |o 709.04 FOS 2006  |p 4545737  |r 2025-03-13  |s 2024-11-12  |w 2019-11-22  |y BK_R  |k ART 
952 |0 0  |1 0  |3 erd  |4 0  |6 709_040000000000000_FOS_2006  |7 0  |8 A  |9 422049  |a BIBHIS  |b BIBHIS  |i 5033519  |l 2  |o 709.04 FOS 2006  |p 5033519  |r 2025-01-20  |s 2022-09-27  |w 2019-11-22  |y BK  |z Catalogado en:20131213  |k HIS 
952 |0 0  |1 0  |3 erd  |4 0  |6 709_040000000000000_FOS_2006  |7 0  |8 R  |9 422050  |a BIBART  |b BIBART  |i 5112273  |l 23  |o 709.04 FOS 2006  |p 5112273  |r 2025-03-13  |s 2024-11-13  |w 2019-11-22  |y BK_R  |z Catalogado en:20140905  |k ART 
952 |0 0  |1 0  |3 erd  |4 0  |6 709_040000000000000_FOS_2006  |7 0  |8 R  |9 422051  |a BIBART  |b BIBART  |i 5125014  |l 21  |m 4  |o 709.04 FOS 2006  |p 5125014  |r 2025-04-10  |s 2025-04-08  |w 2019-11-22  |y BK_R  |k ART